Contemporary Maternal-Newborn Nursing Care / (Record no. 14964)
[ view plain ]
| 000 -LEADER | |
|---|---|
| fixed length control field | 02789cam a22003854a 4500 |
| 001 - CONTROL NUMBER | |
| control field | 15487531 |
| 005 - DATE AND TIME OF LATEST TRANSACTION | |
| control field | 20090718080009.0 |
| 008 - FIXED-LENGTH DATA ELEMENTS--GENERAL INFORMATION | |
| fixed length control field | 081016s2010 nyua b 001 0 eng |
| 010 ## - LIBRARY OF CONGRESS CONTROL NUMBER | |
| LC control number | 2008043256 |
| 016 7# - NATIONAL BIBLIOGRAPHIC AGENCY CONTROL NUMBER | |
| Record control number | 101486805 |
| Source | DNLM |
| 020 ## - INTERNATIONAL STANDARD BOOK NUMBER | |
| International Standard Book Number | 9780135025857 |
| 020 ## - INTERNATIONAL STANDARD BOOK NUMBER | |
| International Standard Book Number | 0135025850 |
| 035 ## - SYSTEM CONTROL NUMBER | |
| System control number | (OCoLC)ocn263294890 |
| 040 ## - CATALOGING SOURCE | |
| Original cataloging agency | DNLM/DLC |
| Transcribing agency | DLC |
| Modifying agency | BTCTA |
| -- | NLM |
| -- | YDXCP |
| -- | C#P |
| -- | CDX |
| -- | DLC |
| 042 ## - AUTHENTICATION CODE | |
| Authentication code | pcc |
| 050 00 - LIBRARY OF CONGRESS CALL NUMBER | |
| Classification number | RG951 |
| Item number | .L33 2010 |
| 060 00 - NATIONAL LIBRARY OF MEDICINE CALL NUMBER | |
| Classification number | 2009 C-761 |
| 060 10 - NATIONAL LIBRARY OF MEDICINE CALL NUMBER | |
| Classification number | WY 157.3 |
| Item number | L154c 2010 |
| 082 00 - DEWEY DECIMAL CLASSIFICATION NUMBER | |
| Classification number | 618.20231 |
| Edition number | 22 |
| Item number | LAD |
| 100 1# - MAIN ENTRY--PERSONAL NAME | |
| Personal name | Ladewig, Patricia W. |
| 9 (RLIN) | 22321 |
| 245 10 - TITLE STATEMENT | |
| Title | Contemporary Maternal-Newborn Nursing Care / |
| Statement of responsibility, etc | Patricia A. Wieland Ladewig, Marcia L. London, Michele R. Davidson. |
| 250 ## - EDITION STATEMENT | |
| Edition statement | 7th ed. |
| 260 ## - PUBLICATION, DISTRIBUTION, ETC. (IMPRINT) | |
| Place of publication, distribution, etc | New York : |
| Name of publisher, distributor, etc | Pearson, 2010 |
| Date of publication, distribution, etc | c2010. |
| 300 ## - PHYSICAL DESCRIPTION | |
| Extent | xxi, 984 p. : |
| Other physical details | ill. (chiefly col.) ; |
| Dimensions | 29 cm. |
| 500 ## - GENERAL NOTE | |
| General note | Includes 24 perforated client-family teaching cards on 2 foldout pages and 1 folded color plate. |
| 504 ## - BIBLIOGRAPHY, ETC. NOTE | |
| Bibliography, etc | Includes bibliographical references and index. |
| 505 0# - FORMATTED CONTENTS NOTE | |
| Formatted contents note | Contemporary maternal-newborn care -- Culture and the childbearing family -- Reproductive anatomy and physiology -- Conception and fetal development -- Health promotion for women -- Common gynecologic problems -- Families with special reproductive concerns -- Preparation for parenthood -- Physical and psychologic changes of pregnancy -- Antepartal nursing assessment -- The expectant family : needs and care -- Maternal nutrition -- Adolescent pregnancy -- Assessment of fetal well-being -- Pregnancy at risk : pregestational problems -- Pregnancy at risk : gestational onset -- Processes and stages of labor and birth -- Intrapartal nursing assessment -- The family in childbirth : needs and care -- Pharmacologic management of pain -- Childbirth at risk : pre-labor complications -- Childbirth at risk : labor-related complications -- Birth-related procedures -- The physiologic responses of the newborn to birth -- Nursing assessment of the newborn -- Normal newborn : needs and care -- Newborn nutrition -- The newborn at risk : conditions present at birth -- The newborn at risk : birth-related stressors -- Pospartal adaptation and nursing assessment -- The postpartal family : needs and care -- Home care of the postpartal family -- The postpartal family at risk. |
| 650 #0 - SUBJECT ADDED ENTRY--TOPICAL TERM | |
| Topical term or geographic name as entry element | Maternity nursing. |
| 9 (RLIN) | 22322 |
| 650 12 - SUBJECT ADDED ENTRY--TOPICAL TERM | |
| Topical term or geographic name as entry element | Maternal-Child Nursing. |
| 9 (RLIN) | 22323 |
| 700 1# - ADDED ENTRY--PERSONAL NAME | |
| Personal name | London, Marcia L. |
| 9 (RLIN) | 22324 |
| 700 1# - ADDED ENTRY--PERSONAL NAME | |
| Personal name | Davidson, Michele R. |
| 9 (RLIN) | 22325 |
| 942 ## - ADDED ENTRY ELEMENTS (KOHA) | |
| Source of classification or shelving scheme | Dewey Decimal Classification |
| Item type | NB - Book (Non borrowing) |
| Withdrawn status | Item status | Source of classification or shelving scheme | Damaged status | Not for loan | Vendor | Home library | Current library | Shelving location | Date acquired | Source of acquisition | Total Checkouts | Full call number | Barcode | Date last seen | Date last borrowed | Koha item type |
|---|---|---|---|---|---|---|---|---|---|---|---|---|---|---|---|---|
| Dewey Decimal Classification | Central Library | Central Library | First floor | 28/02/2011 | 18 | 618.20231 LAD | 000022807 | 15/07/2025 | 30/09/2013 | NB - Book (Non borrowing) |